[Event "Blitz 2018"]
[Site "Saint-Petersburg"]
[Date "2018.12.30"]
[Round "17"]
[Board "24"]
[White "Savchenko Boris (RUS)"]
[Black "Yu Yangyi (CHN)"]
[Result "0-1"]
[LiveChessVersion "1.4.8"]
[BlackElo "2804"]
[WhiteElo "2639"]

1. e4 {[%clk 0:03:02]} e5 {[%clk 0:03:04]} 2. Nf3 {[%clk 0:03:03]} Nf6
{[%clk 0:03:04]} 3. Nc3 {[%clk 0:03:02]} Nc6 {[%clk 0:03:05]} 4. Rb1
{[%clk 0:03:03]} a6 {[%clk 0:02:56]} 5. d4 {[%clk 0:03:01]} exd4 {[%clk 0:02:50]}
6. Nxd4 {[%clk 0:03:02]} Bb4 {[%clk 0:02:42]} 7. Nxc6 {[%clk 0:03:01]} bxc6
{[%clk 0:02:27]} 8. Bd3 {[%clk 0:03:00]} d5 {[%clk 0:02:28]} 9. exd5
{[%clk 0:03:00]} Qe7+ {[%clk 0:02:24]} 10. Qe2 {[%clk 0:03:00]} cxd5
{[%clk 0:02:22]} 11. Bf4 {[%clk 0:02:41]} Qxe2+ {[%clk 0:02:10]} 12. Kxe2
{[%clk 0:02:42]} c5 {[%clk 0:02:10]} 13. Kf1 {[%clk 0:00:29]} O-O
{[%clk 0:01:57]} 14. f3 {[%clk 0:00:25]} c4 {[%clk 0:01:53]} 15. Be2
{[%clk 0:00:25]} Bf5 {[%clk 0:01:54]} 16. Rc1 {[%clk 0:00:18]} d4
{[%clk 0:01:50]} 17. Na4 {[%clk 0:00:19]} Nd5 {[%clk 0:01:50]} 18. c3
{[%clk 0:00:12]} dxc3 {[%clk 0:01:37]} 19. Be5 {[%clk 0:00:12]} c2
{[%clk 0:01:30]} 20. Nc3 {[%clk 0:00:12]} Nxc3 {[%clk 0:01:10]} 21. Bxc3
{[%clk 0:00:13]} Bxc3 {[%clk 0:01:08]} 22. bxc3 {[%clk 0:00:14]} Rad8
{[%clk 0:01:06]} 23. Bxc4 {[%clk 0:00:14]} Rd2 {[%clk 0:01:01]} 24. h4
{[%clk 0:00:05]} h5 {[%clk 0:00:57]} 25. Kg1 {[%clk 0:00:04]} a5 {[%clk 0:00:51]}
26. Bb3 {[%clk 0:00:05]} Rc8 {[%clk 0:00:50]} 27. c4 {[%clk 0:00:06]} a4
{[%clk 0:00:40]} 28. Bxa4 Rxc4 {[%clk 0:00:42]} 29. Bb3 {[%clk 0:00:08]} Rc3
{[%clk 0:00:43]} 30. Kh2 {[%clk 0:00:07]} Rxf3 {[%clk 0:00:42]} 31. Rhf1
{[%clk 0:00:05]} Rxf1 {[%clk 0:00:20]} 32. Rxf1 {[%clk 0:00:06]} Be4
{[%clk 0:00:21]} 33. Rxf7 0-1

[Event "Blitz 2018"]
[Site "Saint-Petersburg"]
[Date "2018.12.30"]
[Round "17"]
[Board "27"]
[White "Mamedov Rauf (AZE)"]
[Black "Hovhannisyan Robert (ARM)"]
[Result "1/2-1/2"]
[LiveChessVersion "1.4.8"]
[BlackElo "2588"]
[WhiteElo "2741"]

1. e4 {[%clk 0:03:03]} e5 {[%clk 0:03:03]} 2. Nc3 {[%clk 0:03:02]} Nc6
{[%clk 0:03:04]} 3. g3 {[%clk 0:03:01]} Bc5 {[%clk 0:03:05]} 4. Bg2
{[%clk 0:03:02]} d6 {[%clk 0:03:06]} 5. d3 {[%clk 0:03:03]} f5 {[%clk 0:03:06]}
6. Na4 {[%clk 0:02:49]} Nf6 {[%clk 0:02:59]} 7. Nxc5 {[%clk 0:02:49]} dxc5
{[%clk 0:03:00]} 8. exf5 {[%clk 0:02:44]} Bxf5 {[%clk 0:03:01]} 9. Be3
{[%clk 0:02:37]} Qd7 {[%clk 0:02:39]} 10. Bxc5 {[%clk 0:02:18]} O-O-O
{[%clk 0:02:39]} 11. Ne2 {[%clk 0:01:36]} Bh3 {[%clk 0:02:37]} 12. Bxh3
{[%clk 0:01:11]} Qxh3 {[%clk 0:02:37]} 13. Qd2 {[%clk 0:01:05]} Qg2
{[%clk 0:02:34]} 14. O-O-O {[%clk 0:01:05]} Qd5 {[%clk 0:02:34]} 15. Qc3
{[%clk 0:00:44]} Qxa2 {[%clk 0:02:34]} 16. Qa3 {[%clk 0:00:45]} Qxa3
{[%clk 0:02:13]} 17. bxa3 {[%clk 0:00:46]} e4 {[%clk 0:02:05]} 18. dxe4
{[%clk 0:00:45]} Nxe4 {[%clk 0:02:03]} 19. Be3 {[%clk 0:00:46]} b6
{[%clk 0:01:59]} 20. Nf4 {[%clk 0:00:44]} Rhe8 {[%clk 0:01:42]} 21. Rxd8+
{[%clk 0:00:42]} Nxd8 {[%clk 0:01:42]} 22. Bd4 {[%clk 0:00:34]} g6
{[%clk 0:01:43]} 23. Re1 {[%clk 0:00:34]} Kd7 {[%clk 0:01:37]} 24. Nd5
{[%clk 0:00:34]} c6 {[%clk 0:01:18]} 25. Rxe4 {[%clk 0:00:34]} cxd5
{[%clk 0:01:15]} 26. Rf4 {[%clk 0:00:17]} Re4 {[%clk 0:01:06]} 27. Rxe4
{[%clk 0:00:13]} dxe4 {[%clk 0:01:07]} 28. Kd2 {[%clk 0:00:15]} Ke6
{[%clk 0:01:08]} 29. Ke3 {[%clk 0:00:16]} Kf5 {[%clk 0:01:07]} 30. h3
{[%clk 0:00:17]} h5 {[%clk 0:01:08]} 31. g4+ {[%clk 0:00:18]} hxg4
{[%clk 0:01:08]} 32. hxg4+ {[%clk 0:00:20]} Kxg4 {[%clk 0:01:08]} 33. Kxe4
{[%clk 0:00:21]} Ne6 {[%clk 0:00:43]} 34. Be3 {[%clk 0:00:20]} Ng5+
{[%clk 0:00:42]} 35. Kd5 {[%clk 0:00:12]} Nh3 {[%clk 0:00:43]} 36. Kc6
{[%clk 0:00:11]} Kf3 {[%clk 0:00:43]} 37. Kb7 {[%clk 0:00:10]} Nxf2
{[%clk 0:00:40]} 38. Bh6 {[%clk 0:00:10]} Ng4 {[%clk 0:00:25]} 39. Bg5
{[%clk 0:00:10]} Ne3 {[%clk 0:00:25]} 40. c3 {[%clk 0:00:08]} b5 {[%clk 0:00:21]}
41. Bf6 {[%clk 0:00:06]} Nd5 {[%clk 0:00:17]} 42. Bd4 {[%clk 0:00:07]} g5
{[%clk 0:00:18]} 43. Kc6 {[%clk 0:00:07]} Ne3 {[%clk 0:00:17]} 44. Kxb5
{[%clk 0:00:08]} g4 {[%clk 0:00:19]} 45. Bxa7 {[%clk 0:00:06]} g3
{[%clk 0:00:19]} 46. Bb8 {[%clk 0:00:07]} g2 {[%clk 0:00:20]} 47. Ba7
{[%clk 0:00:09]} Ng4 {[%clk 0:00:20]} 48. Bg1 {[%clk 0:00:09]} Ke2
{[%clk 0:00:18]} 49. a4 {[%clk 0:00:08]} Kf1 {[%clk 0:00:19]} 50. a5
{[%clk 0:00:07]} Kxg1 {[%clk 0:00:18]} 51. a6 {[%clk 0:00:09]} Kh2
{[%clk 0:00:09]} 52. a7 {[%clk 0:00:10]} g1=Q {[%clk 0:00:09]} 53. a8=Q
{[%clk 0:00:11]} Qb1+ {[%clk 0:00:09]} 54. Kc5 {[%clk 0:00:12]} Qg1+
{[%clk 0:00:08]} 55. Kb5 {[%clk 0:00:12]} Qf1+ {[%clk 0:00:04]} 56. Kc5
{[%clk 0:00:11]} Qf2+ {[%clk 0:00:05]} 57. Kb4 {[%clk 0:00:08]} Qb2+
{[%clk 0:00:06]} 58. Kc4 {[%clk 0:00:09]} Qe2+ {[%clk 0:00:05]} 59. Kb3
{[%clk 0:00:09]} Qd1+ {[%clk 0:00:05]} 60. Kb2 {[%clk 0:00:10]} Ne3
{[%clk 0:00:05]} 61. Qh8+ {[%clk 0:00:08]} Kg1 {[%clk 0:00:05]} 62. Qh7
{[%clk 0:00:08]} Qd2+ {[%clk 0:00:06]} 63. Kb3 {[%clk 0:00:09]} Qd5+
{[%clk 0:00:07]} 64. Kb2 {[%clk 0:00:09]} Nc4+ {[%clk 0:00:08]} 65. Kc2
{[%clk 0:00:09]} Qg2+ {[%clk 0:00:06]} 66. Kb3 {[%clk 0:00:10]} Nd2+
{[%clk 0:00:07]} 67. Kb4 {[%clk 0:00:11]} Qg4+ {[%clk 0:00:07]} 68. Ka3
{[%clk 0:00:10]} Nc4+ {[%clk 0:00:07]} 69. Kb3 {[%clk 0:00:11]} Ne3
{[%clk 0:00:06]} 70. Qd3 {[%clk 0:00:10]} Qe6+ {[%clk 0:00:07]} 71. c4
{[%clk 0:00:11]} Kf2 {[%clk 0:00:07]} 72. Qd4 {[%clk 0:00:10]} Qf7
{[%clk 0:00:07]} 73. Qd3 {[%clk 0:00:08]} Qb7+ {[%clk 0:00:08]} 74. Kc3
{[%clk 0:00:10]} Qg7+ {[%clk 0:00:09]} 75. Kb3 {[%clk 0:00:10]} Kf3
{[%clk 0:00:06]} 76. Qd6 {[%clk 0:00:05]} Qb7+ {[%clk 0:00:06]} 77. Kc3
{[%clk 0:00:06]} Qg7+ {[%clk 0:00:06]} 78. Kb3 {[%clk 0:00:08]} Qa1
{[%clk 0:00:06]} 79. Qd3 {[%clk 0:00:08]} Qa6 {[%clk 0:00:06]} 80. Qd4
{[%clk 0:00:07]} Ke2 {[%clk 0:00:04]} 81. Qb2+ {[%clk 0:00:07]} Kd3
{[%clk 0:00:04]} 82. Qb1+ {[%clk 0:00:08]} Kd4 {[%clk 0:00:05]} 83. Qb2+
{[%clk 0:00:08]} Ke4 {[%clk 0:00:06]} 84. Qb1+ {[%clk 0:00:10]} Kf4
{[%clk 0:00:07]} 85. Qd3 {[%clk 0:00:09]} Qb6+ {[%clk 0:00:08]} 86. Kc3
{[%clk 0:00:10]} Qa5+ {[%clk 0:00:09]} 87. Kb3 {[%clk 0:00:12]} Nf5
{[%clk 0:00:07]} 88. Qc3 {[%clk 0:00:10]} Qb6+ {[%clk 0:00:07]} 89. Ka3
{[%clk 0:00:11]} Qa7+ {[%clk 0:00:08]} 90. Kb2 {[%clk 0:00:11]} Qf2+
{[%clk 0:00:08]} 91. Qc2 {[%clk 0:00:12]} Qb6+ {[%clk 0:00:09]} 92. Qb3
{[%clk 0:00:13]} Qf6+ {[%clk 0:00:09]} 93. Qc3 {[%clk 0:00:14]} Nd4
{[%clk 0:00:10]} 94. Ka2 {[%clk 0:00:09]} Qa6+ {[%clk 0:00:09]} 95. Kb1
{[%clk 0:00:10]} Qb7+ {[%clk 0:00:10]} 96. Ka2 {[%clk 0:00:10]} Qg2+
{[%clk 0:00:10]} 97. Ka3 {[%clk 0:00:11]} Qa8+ {[%clk 0:00:10]} 98. Kb2
{[%clk 0:00:12]} Ke4 {[%clk 0:00:09]} 99. Qe1+ {[%clk 0:00:13]} Kd3
{[%clk 0:00:09]} 100. Qc3+ {[%clk 0:00:14]} Ke4 {[%clk 0:00:10]} 101. Qe1+
{[%clk 0:00:15]} Kf4 {[%clk 0:00:11]} 102. Qd2+ {[%clk 0:00:16]} Ke4
{[%clk 0:00:11]} 103. Qe1+ {[%clk 0:00:17]} Kf5 {[%clk 0:00:10]} 104. Qf2+
{[%clk 0:00:17]} Nf3 {[%clk 0:00:11]} 105. Qc5+ {[%clk 0:00:18]} Kg4
{[%clk 0:00:11]} 106. Qd5 {[%clk 0:00:18]} Qb8+ {[%clk 0:00:12]} 107. Kc3
{[%clk 0:00:20]} Qh8+ {[%clk 0:00:12]} 108. Kb4 {[%clk 0:00:19]} Qb2+
{[%clk 0:00:13]} 109. Kc5 {[%clk 0:00:21]} Qf2+ {[%clk 0:00:13]} 110. Kb4
{[%clk 0:00:22]} Qe1+ {[%clk 0:00:10]} 111. Kc5 {[%clk 0:00:22]} Qe3+
{[%clk 0:00:11]} 112. Kb4 {[%clk 0:00:23]} Ne5 {[%clk 0:00:12]} 113. c5
{[%clk 0:00:13]} Qe1+ {[%clk 0:00:11]} 114. Kb5 {[%clk 0:00:14]} Qb1+
{[%clk 0:00:12]} 115. Ka6 {[%clk 0:00:16]} Qa1+ {[%clk 0:00:12]} 116. Kb7
{[%clk 0:00:16]} Qb2+ {[%clk 0:00:12]} 117. Kc7 {[%clk 0:00:18]} Kf5
{[%clk 0:00:12]} 118. c6 {[%clk 0:00:19]} Qb4 {[%clk 0:00:13]} 119. Kc8
{[%clk 0:00:15]} Qf8+ {[%clk 0:00:08]} 120. Kb7 {[%clk 0:00:16]} Qb4+
{[%clk 0:00:09]} 121. Kc8 {[%clk 0:00:17]} Qf8+ {[%clk 0:00:10]} 122. Kb7
{[%clk 0:00:18]} Qb4+ {[%clk 0:00:10]} 123. Kc8 {[%clk 0:00:18]} Qf8+
{[%clk 0:00:08]} 124. Kb7 {[%clk 0:00:19]} Qb4+ {[%clk 0:00:09]} 125. Kc7
{[%clk 0:00:19]} Qe7+ {[%clk 0:00:09]} 126. Kc8 {[%clk 0:00:19]} Qe8+
{[%clk 0:00:10]} 127. Kb7 {[%clk 0:00:20]} Qxc6+ {[%clk 0:00:06]} 128. Qxc6
{[%clk 0:00:21]} Nxc6 {[%clk 0:00:07]} 129. Kxc6 1/2-1/2

[Event "Blitz 2018"]
[Site "Saint-Petersburg"]
[Date "2018.12.30"]
[Round "17"]
[Board "28"]
[White "Zhigalko Sergei (BLR)"]
[Black "Fridman Daniel (GER)"]
[Result "1-0"]
[LiveChessVersion "1.4.8"]
[BlackElo "2530"]
[WhiteElo "2693"]

1. e4 {[%clk 0:03:03]} e5 {[%clk 0:03:03]} 2. Nf3 {[%clk 0:03:04]} Nf6
{[%clk 0:03:04]} 3. d4 {[%clk 0:03:02]} Nxe4 {[%clk 0:03:04]} 4. Bd3
{[%clk 0:03:03]} d5 {[%clk 0:03:06]} 5. Nxe5 {[%clk 0:03:04]} Nd7
{[%clk 0:03:07]} 6. Nxd7 {[%clk 0:03:02]} Bxd7 {[%clk 0:03:07]} 7. O-O
{[%clk 0:03:02]} Bd6 {[%clk 0:03:07]} 8. Nc3 {[%clk 0:03:03]} Nxc3
{[%clk 0:03:04]} 9. bxc3 {[%clk 0:03:04]} O-O {[%clk 0:03:04]} 10. Qh5
{[%clk 0:03:04]} f5 {[%clk 0:03:03]} 11. Re1 {[%clk 0:02:54]} Qf6
{[%clk 0:02:52]} 12. Qf3 {[%clk 0:02:54]} c6 {[%clk 0:01:59]} 13. Bf4
{[%clk 0:02:54]} Rf7 {[%clk 0:01:33]} 14. h4 {[%clk 0:02:43]} Ba3
{[%clk 0:01:13]} 15. Rab1 {[%clk 0:02:23]} b5 {[%clk 0:01:14]} 16. g3
{[%clk 0:01:46]} a5 {[%clk 0:01:13]} 17. Re2 {[%clk 0:01:33]} Bf8
{[%clk 0:01:11]} 18. Rbe1 {[%clk 0:01:31]} b4 {[%clk 0:01:11]} 19. Be5
{[%clk 0:01:21]} Qd8 {[%clk 0:00:58]} 20. c4 {[%clk 0:01:22]} Bc8
{[%clk 0:00:59]} 21. c5 {[%clk 0:01:14]} Qd7 {[%clk 0:00:48]} 22. Qf4
{[%clk 0:01:09]} Ba6 {[%clk 0:00:36]} 23. Bxa6 {[%clk 0:01:09]} Rxa6
{[%clk 0:00:37]} 24. Bd6 {[%clk 0:01:09]} Ra8 {[%clk 0:00:38]} 25. Re6
{[%clk 0:01:04]} Rc8 {[%clk 0:00:24]} 26. R1e5 {[%clk 0:00:47]} g6
{[%clk 0:00:21]} 27. Bxf8 {[%clk 0:00:43]} Rcxf8 {[%clk 0:00:22]} 28. Rd6
{[%clk 0:00:39]} Qb7 {[%clk 0:00:22]} 29. Ree6 {[%clk 0:00:40]} Qb5
{[%clk 0:00:13]} 30. Rxc6 {[%clk 0:00:25]} Qc4 {[%clk 0:00:14]} 31. Rc7
{[%clk 0:00:05]} Rxc7 {[%clk 0:00:15]} 32. Qxc7 {[%clk 0:00:07]} Qxc2
{[%clk 0:00:16]} 33. Qe5 {[%clk 0:00:06]} Qe4 {[%clk 0:00:14]} 34. Qd6
{[%clk 0:00:05]} Qxd4 {[%clk 0:00:15]} 35. c6 {[%clk 0:00:05]} a4
{[%clk 0:00:11]} 36. Re7 {[%clk 0:00:05]} b3 {[%clk 0:00:11]} 37. axb3
{[%clk 0:00:05]} axb3 {[%clk 0:00:12]} 38. Rb7 {[%clk 0:00:04]} b2
{[%clk 0:00:13]} 39. Qd7 {[%clk 0:00:04]} Qh8 {[%clk 0:00:03]} 40. Qxd5+
{[%clk 0:00:05]} 1-0

[Event "Blitz 2018"]
[Site "Saint-Petersburg"]
[Date "2018.12.30"]
[Round "17"]
[Board "29"]
[White "Ponkratov Pavel (RUS)"]
[Black "Potkin Vladimir (RUS)"]
[Result "1-0"]
[LiveChessVersion "1.4.8"]
[BlackElo "2494"]
[WhiteElo "2688"]

1. Nc3 {[%clk 0:03:02]} d5 {[%clk 0:03:02]} 2. e4 {[%clk 0:03:01]} dxe4
{[%clk 0:03:01]} 3. Nxe4 {[%clk 0:03:02]} Nf6 {[%clk 0:03:02]} 4. Nxf6+
{[%clk 0:03:02]} exf6 {[%clk 0:03:03]} 5. d4 {[%clk 0:02:55]} Bd6
{[%clk 0:03:03]} 6. Bd3 {[%clk 0:02:56]} O-O {[%clk 0:03:02]} 7. Ne2
{[%clk 0:02:57]} c5 {[%clk 0:02:50]} 8. dxc5 {[%clk 0:02:45]} Bxc5
{[%clk 0:02:51]} 9. O-O {[%clk 0:02:45]} Nc6 {[%clk 0:02:52]} 10. Nf4
{[%clk 0:02:45]} Ne5 {[%clk 0:02:43]} 11. Be4 {[%clk 0:02:42]} f5
{[%clk 0:02:08]} 12. Bd5 {[%clk 0:02:41]} Ng4 {[%clk 0:01:49]} 13. h3
{[%clk 0:02:37]} Nf6 {[%clk 0:01:50]} 14. Bb3 {[%clk 0:02:35]} Qxd1
{[%clk 0:01:27]} 15. Rxd1 {[%clk 0:02:36]} Ne4 {[%clk 0:01:28]} 16. Nd3
{[%clk 0:02:20]} Bb6 {[%clk 0:01:29]} 17. Re1 {[%clk 0:02:21]} a5
{[%clk 0:01:13]} 18. Be3 {[%clk 0:02:20]} Bxe3 {[%clk 0:01:13]} 19. Rxe3
{[%clk 0:02:21]} a4 {[%clk 0:01:14]} 20. Bd5 {[%clk 0:02:22]} a3 {[%clk 0:01:02]}
21. bxa3 {[%clk 0:01:54]} Rxa3 {[%clk 0:00:59]} 22. f3 {[%clk 0:01:53]} Nc3
{[%clk 0:00:34]} 23. Bb3 {[%clk 0:01:53]} Nb5 {[%clk 0:00:29]} 24. Nf4
{[%clk 0:01:45]} Ra8 {[%clk 0:00:16]} 25. Rd1 {[%clk 0:01:45]} g6
{[%clk 0:00:14]} 26. Re7 {[%clk 0:01:41]} Kg7 {[%clk 0:00:15]} 27. Rd5
{[%clk 0:01:40]} Na7 {[%clk 0:00:13]} 28. Rc7 {[%clk 0:01:36]} Nc6
{[%clk 0:00:13]} 29. Rd6 {[%clk 0:01:33]} Na5 {[%clk 0:00:12]} 30. Bd5
{[%clk 0:01:32]} Nc6 {[%clk 0:00:12]} 31. h4 {[%clk 0:01:31]} Ra5
{[%clk 0:00:12]} 32. Bxc6 bxc6 33. Rdxc6 {[%clk 0:01:29]} Ba6 {[%clk 0:00:05]}
34. Ne6+ {[%clk 0:01:30]} 1-0

[Event "Blitz 2018"]
[Site "Saint-Petersburg"]
[Date "2018.12.30"]
[Round "17"]
[Board "30"]
[White "Sarana Alexey (RUS)"]
[Black "Korobov Anton (UKR)"]
[Result "0-1"]
[LiveChessVersion "1.4.8"]
[BlackElo "2677"]
[WhiteElo "2616"]

1. d4 {[%clk 0:03:03]} Nf6 {[%clk 0:03:03]} 2. Nf3 {[%clk 0:03:04]} e6
{[%clk 0:03:04]} 3. c4 {[%clk 0:03:05]} b6 {[%clk 0:03:05]} 4. g3
{[%clk 0:03:06]} Bb7 {[%clk 0:03:06]} 5. Bg2 {[%clk 0:03:07]} Be7
{[%clk 0:03:07]} 6. O-O {[%clk 0:03:07]} O-O {[%clk 0:03:07]} 7. Nc3
{[%clk 0:03:05]} Ne4 {[%clk 0:03:08]} 8. Bd2 {[%clk 0:03:07]} d5 {[%clk 0:03:09]}
9. cxd5 {[%clk 0:03:06]} exd5 {[%clk 0:03:09]} 10. Rc1 {[%clk 0:03:07]} Nd7
{[%clk 0:03:09]} 11. Bf4 {[%clk 0:03:07]} c6 {[%clk 0:02:56]} 12. h4
{[%clk 0:03:07]} Ndf6 {[%clk 0:02:45]} 13. Ne5 {[%clk 0:03:07]} c5
{[%clk 0:02:41]} 14. dxc5 {[%clk 0:02:27]} Bxc5 {[%clk 0:02:41]} 15. Nd3
{[%clk 0:02:24]} Be7 {[%clk 0:02:42]} 16. Nb5 {[%clk 0:02:24]} a6
{[%clk 0:02:14]} 17. Nd4 {[%clk 0:02:23]} Rc8 {[%clk 0:02:06]} 18. Rxc8
{[%clk 0:02:24]} Qxc8 {[%clk 0:02:01]} 19. Qb3 {[%clk 0:02:25]} b5
{[%clk 0:01:31]} 20. Rc1 {[%clk 0:02:23]} Qa8 {[%clk 0:01:33]} 21. Nf5
{[%clk 0:02:16]} Bd8 {[%clk 0:01:34]} 22. Qb4 {[%clk 0:01:55]} Re8
{[%clk 0:01:23]} 23. Qd4 {[%clk 0:01:46]} Re6 {[%clk 0:01:10]} 24. b4
{[%clk 0:01:36]} h5 {[%clk 0:00:49]} 25. Ne3 {[%clk 0:01:28]} Ng4
{[%clk 0:00:41]} 26. Nxg4 {[%clk 0:01:18]} hxg4 {[%clk 0:00:41]} 27. Nc5
{[%clk 0:01:11]} Bf6 {[%clk 0:00:38]} 28. Qd3 {[%clk 0:01:07]} Nxc5
{[%clk 0:00:38]} 29. bxc5 {[%clk 0:01:08]} Bc6 {[%clk 0:00:35]} 30. e3
{[%clk 0:01:06]} d4 {[%clk 0:00:21]} 31. Bxc6 {[%clk 0:01:01]} Qxc6
{[%clk 0:00:23]} 32. exd4 Qd5 33. Rd1 {[%clk 0:00:52]} b4 {[%clk 0:00:21]} 34.
Qb3 {[%clk 0:00:47]} Qf5 {[%clk 0:00:09]} 35. d5 {[%clk 0:00:47]} Re4
{[%clk 0:00:10]} 36. Be3 {[%clk 0:00:23]} Be5 {[%clk 0:00:09]} 37. Qd3
{[%clk 0:00:22]} Qf3 {[%clk 0:00:06]} 38. Qf1 {[%clk 0:00:16]} Bxg3
{[%clk 0:00:07]} 39. d6 {[%clk 0:00:12]} Bxh4 {[%clk 0:00:06]} 40. d7
{[%clk 0:00:13]} Bd8 {[%clk 0:00:06]} 41. c6 {[%clk 0:00:14]} g3 {[%clk 0:00:07]}
42. Rd3 {[%clk 0:00:04]} gxf2+ {[%clk 0:00:07]} 43. Qxf2 {[%clk 0:00:05]} Rg4+
{[%clk 0:00:08]} 44. Kf1 {[%clk 0:00:06]} Qh1+ {[%clk 0:00:10]} 45. Ke2
{[%clk 0:00:07]} Rg2 {[%clk 0:00:11]} 46. c7 {[%clk 0:00:04]} Rxf2+
{[%clk 0:00:11]} 47. Bxf2 {[%clk 0:00:05]} Bxc7 {[%clk 0:00:12]} 48. Bg3
{[%clk 0:00:06]} Qg2+ 49. Kd1 Qe4 {[%clk 0:00:13]} 50. Kd2 {[%clk 0:00:09]} Bd8
{[%clk 0:00:15]} 51. Bf2 {[%clk 0:00:07]} Bg5+ {[%clk 0:00:15]} 52. Kc2
{[%clk 0:00:09]} Qc4+ {[%clk 0:00:16]} 0-1

[Event "Blitz 2018"]
[Site "Saint-Petersburg"]
[Date "2018.12.30"]
[Round "17"]
[Board "31"]
[White "Adly Ahmed (EGY)"]
[Black "Kevlishvili Robby (NED)"]
[Result "1-0"]
[LiveChessVersion "1.4.8"]
[BlackElo "2530"]
[WhiteElo "2675"]

1. Nf3 {[%clk 0:03:03]} d5 {[%clk 0:03:03]} 2. g3 {[%clk 0:03:04]} g6
{[%clk 0:03:01]} 3. c4 {[%clk 0:03:03]} d4 {[%clk 0:02:56]} 4. Bg2
{[%clk 0:03:04]} Bg7 {[%clk 0:02:56]} 5. O-O {[%clk 0:03:03]} e5 {[%clk 0:02:54]}
6. b4 {[%clk 0:03:02]} Ne7 {[%clk 0:02:54]} 7. d3 {[%clk 0:03:01]} O-O
{[%clk 0:02:52]} 8. Nbd2 {[%clk 0:02:59]} a5 {[%clk 0:02:52]} 9. b5
{[%clk 0:02:58]} c6 {[%clk 0:02:49]} 10. Ba3 {[%clk 0:02:57]} cxb5
{[%clk 0:02:41]} 11. cxb5 {[%clk 0:02:58]} Re8 {[%clk 0:02:42]} 12. Nc4
{[%clk 0:02:50]} Nd5 {[%clk 0:02:43]} 13. Nd6 {[%clk 0:02:51]} Nc3
{[%clk 0:02:37]} 14. Qd2 {[%clk 0:02:50]} Bf8 {[%clk 0:02:36]} 15. Nc4
{[%clk 0:02:30]} Bxa3 {[%clk 0:02:34]} 16. Nxa3 {[%clk 0:02:32]} Nd7 17. e3 Nc5
{[%clk 0:02:23]} 18. Rfe1 {[%clk 0:02:30]} Bf5 {[%clk 0:01:31]} 19. exd4
{[%clk 0:02:25]} exd4 {[%clk 0:01:32]} 20. Rxe8+ {[%clk 0:02:26]} Qxe8
{[%clk 0:01:33]} 21. Nxd4 {[%clk 0:02:27]} N3a4 {[%clk 0:01:04]} 22. Nxf5 gxf5
{[%clk 0:01:05]} 23. Qg5+ {[%clk 0:02:26]} Kh8 {[%clk 0:01:07]} 24. Qf6+
{[%clk 0:02:23]} Kg8 {[%clk 0:01:08]} 25. d4 {[%clk 0:02:23]} Ne6
{[%clk 0:01:06]} 26. Bxb7 {[%clk 0:02:22]} Rb8 {[%clk 0:01:04]} 27. Bc6
{[%clk 0:02:23]} Qd8 {[%clk 0:01:05]} 28. Qxd8+ {[%clk 0:02:22]} Rxd8
{[%clk 0:01:06]} 29. d5 {[%clk 0:02:21]} Nd4 {[%clk 0:01:07]} 30. Nc4
{[%clk 0:02:18]} Nc3 {[%clk 0:01:03]} 31. a4 {[%clk 0:02:17]} Nb3
{[%clk 0:00:57]} 32. Ra3 {[%clk 0:02:16]} Ne2+ {[%clk 0:00:56]} 33. Kg2
{[%clk 0:02:16]} Ned4 {[%clk 0:00:54]} 34. b6 {[%clk 0:02:15]} Rb8
{[%clk 0:00:53]} 35. b7 {[%clk 0:02:16]} Kf8 {[%clk 0:00:52]} 36. Ne5
{[%clk 0:02:13]} Nc5 {[%clk 0:00:51]} 37. Rc3 {[%clk 0:02:14]} 1-0

[Event "Blitz 2018"]
[Site "Saint-Petersburg"]
[Date "2018.12.30"]
[Round "17"]
[Board "32"]
[White "Reshetnikov Alexey (RUS)"]
[Black "Esipenko Andrey (RUS)"]
[Result "1/2-1/2"]
[LiveChessVersion "1.4.8"]
[BlackElo "2673"]
[WhiteElo "2473"]

1. b3 {[%clk 0:03:03]} d5 {[%clk 0:03:03]} 2. Bb2 {[%clk 0:03:05]} Bf5
{[%clk 0:03:04]} 3. Nf3 {[%clk 0:03:05]} e6 {[%clk 0:03:05]} 4. e3
{[%clk 0:03:07]} Nf6 {[%clk 0:03:06]} 5. c4 {[%clk 0:03:07]} c6 {[%clk 0:03:06]}
6. Be2 {[%clk 0:03:08]} h6 {[%clk 0:03:07]} 7. O-O {[%clk 0:03:09]} Bd6
{[%clk 0:03:08]} 8. d4 {[%clk 0:03:05]} O-O {[%clk 0:03:07]} 9. Qc1
{[%clk 0:03:06]} a5 {[%clk 0:02:57]} 10. Ba3 {[%clk 0:03:06]} Bb4
{[%clk 0:02:56]} 11. Bb2 {[%clk 0:02:44]} a4 {[%clk 0:02:46]} 12. Ba3
{[%clk 0:02:35]} Qe7 {[%clk 0:02:38]} 13. Bxb4 {[%clk 0:02:28]} Qxb4
{[%clk 0:02:39]} 14. Qc3 {[%clk 0:02:29]} Qe7 {[%clk 0:02:30]} 15. Nbd2
{[%clk 0:02:24]} Nbd7 {[%clk 0:02:31]} 16. c5 {[%clk 0:02:21]} axb3
{[%clk 0:02:19]} 17. axb3 {[%clk 0:02:22]} Ne4 {[%clk 0:02:20]} 18. Nxe4
{[%clk 0:02:21]} Bxe4 {[%clk 0:02:20]} 19. Nd2 {[%clk 0:02:14]} Bg6
{[%clk 0:02:12]} 20. f4 {[%clk 0:02:15]} Nf6 {[%clk 0:02:07]} 21. Rxa8
{[%clk 0:02:14]} Rxa8 {[%clk 0:02:09]} 22. Ra1 {[%clk 0:02:15]} Qd8
{[%clk 0:02:09]} 23. b4 {[%clk 0:02:13]} Ne4 {[%clk 0:02:01]} 24. Nxe4
{[%clk 0:02:11]} Bxe4 {[%clk 0:02:01]} 25. Ra5 {[%clk 0:02:03]} Rxa5
{[%clk 0:01:41]} 26. bxa5 {[%clk 0:02:04]} g5 {[%clk 0:01:42]} 27. Qb4
{[%clk 0:01:40]} gxf4 {[%clk 0:01:33]} 28. exf4 {[%clk 0:01:41]} Kg7
{[%clk 0:01:25]} 29. g3 {[%clk 0:01:42]} Bg6 {[%clk 0:01:04]} 30. Kf2
{[%clk 0:01:25]} Qf6 {[%clk 0:01:05]} 31. Bg4 {[%clk 0:01:14]} h5
{[%clk 0:01:04]} 32. Bh3 {[%clk 0:01:14]} Bf5 {[%clk 0:00:45]} 33. Bxf5
{[%clk 0:00:58]} Qxf5 {[%clk 0:00:46]} 34. Qxb7 {[%clk 0:00:57]} Qc2+
{[%clk 0:00:47]} 35. Kf1 {[%clk 0:00:49]} Qd1+ {[%clk 0:00:47]} 36. Kg2
{[%clk 0:00:49]} Qe2+ {[%clk 0:00:48]} 37. Kg1 {[%clk 0:00:46]} Qe1+
{[%clk 0:00:36]} 38. Kg2 {[%clk 0:00:47]} Qe2+ {[%clk 0:00:22]} 39. Kg1
{[%clk 0:00:49]} Qe1+ {[%clk 0:00:16]} 1/2-1/2